Statistics for Country Shape Quiz #2 - One Minute Sprint

Click here to take the quiz!

General Stats

  • This quiz has been taken 33 times
  • The average score is 13 of 16

Answer Stats

Answer% Correct
Canada
94%
New Zealand
94%
Chile
90%
Iceland
90%
Spain
90%
Turkey
90%
Austria
84%
Cuba
84%
Philippines
84%
Vietnam
77%
Greece
74%
Russia
74%
Saudi Arabia
74%
Libya
71%
South Africa
71%
Afghanistan
55%

Score Distribution

Percentile by Number Answered

Percent of People with Each Score

Your Score History

You have not taken this quiz